000 00833nam a22002297a 4500
005 20100810160544.0
010 _aENG-99268
020 _a9781905422449
_c595.00
035 _aEN-82800
037 _bDBAD/PUB
082 _a792.0954147
100 _aChatterjee, Sudipto
_910434
245 _aThe colonial staged :
_btheatre in colonial calcutta /
_cSudipto Chatterjee
260 _aCalcutta
_bSeagull Books
_c2007
270 _a26 Circus Ayenue,
_bCalcutta
_e700017
300 _axxii, 318 p.
_b24cm (pbk)
500 _aincludes bibliographical references and index
650 _aIndia
_vCalcuta
_910435
650 _aTheator
_910436
942 _2ddc
_cEN
_h792.0954147
_mCHA
999 _c40790
_d40790